[Event "Toronto Spring-B 04"]
[Site "Toronto"]
[Date "2008.04.30"]
[Round "5"]
[White "Cooke, Mathew G"]
[Black "Chapin, Sam"]
[Result "0-1"]
[WhiteElo "1837"]
[BlackElo "1779"]
[PlyCount "62"]
[EventDate "2008.04.02"]
[EventType "tourn"]
[EventRounds "7"]
[EventCountry "CAN"]
[SourceTitle "EXT 2011"]
[Source "ChessBase"]
[SourceDate "2010.11.26"]
[SourceVersion "1"]
[SourceVersionDate "2010.11.26"]
[SourceQuality "1"]

1. d4 d5 2. c4 c6 3. g3 dxc4 4. Bg2 b5 5. a4 b4 6. Bf4 Bb7 7. e4 e6 8. Ne2 Nf6 9. Nd2 c5 10. Rc1 cxd4 11. Rxc4 Nc6 12. Nb3 e5 13. Rxc6 Bxc6 14. Bxe5 Bxa4 15. Nexd4 Bc5 16. Qa1 Bxb3 17. Nxb3 Bxf2+ 18. Ke2 0-0 19. Bxf6 Qxf6 20. Rf1 Qc6 21. Rxf2 Qc4+ 22. Ke1 Qxb3 23. Rf3 Qc4 24. Re3 Rac8 25. Qxa7 Qc1+ 26. Kf2 Rc2+ 27. Re2 Qxb2 28. Bf3 b3 29. Qe7 Rxe2+ 30. Bxe2 Qc2 31. Ke3 b2 0-1

[Event "Scarborough CC Spring Swiss"]
[Site "Toronto"]
[Date "2008.03.13"]
[Round "1"]
[White "Mesiti, Silvano"]
[Black "Chapin, Sam"]
[Result "0-1"]
[WhiteElo "1770"]
[BlackElo "1779"]
[PlyCount "65"]
[EventDate "2008.03.13"]
[EventType "swiss"]
[EventRounds "8"]
[EventCountry "CAN"]
[SourceTitle "EXT 2011"]
[Source "ChessBase"]
[SourceDate "2010.11.26"]
[SourceVersion "1"]
[SourceVersionDate "2010.11.26"]
[SourceQuality "1"]

1. e4 g6 2. Nf3 Bg7 3. d4 d6 4. Nc3 Nf6 5. Bc4 c6 6. 0-0 b5 7. Bd3 0-0 8. a3 Nbd7 9. Re1 e5 10. d5 cxd5 11. Bxb5 dxe4 12. Bc6 Rb8 13. Nxe4 Nxe4 14. Bxe4 Nc5 15. Rb1 Nxe4 16. Rxe4 Bf5 17. Rc4 Rc8 18. b3 d5 19. Rxc8 Qxc8 20. Rb2 Qc5 21. Ra2 Rc8 22. Ne1 e4 23. Be3 d4 24. Bd2 a5 25. a4 e3 26. Bc1 exf2+ 27. Kxf2 d3+ 28. Be3 Bd4 29. Bxd4 Qxd4+ 30. Kf1 Qf4+ 31. Kg1 Qe3+ 32. Kh1 dxc2 33. Qc1 0-1